| 000 | 00446nam a22001337a 4500 | ||
|---|---|---|---|
| 082 |
_a621.56 _bROO _cL-8, P-13 |
||
| 100 |
_aH.E. Roome _941892 |
||
| 245 |
_aA permanent compendium of army instruction (India) _bDefence department Government of India _cRoome, H.E |
||
| 260 |
_aCalcutta _bPrinted by the manager, govt of India press. _c1941 |
||
| 300 | _a50 p. | ||
| 526 |
_a0 _b0 _c0 _d621_560000000000000_ROO |
||
| 650 |
_aMCE _9379 |
||
| 942 |
_2ddc _cBK |
||
| 999 |
_c545912 _d545912 |
||